Kraje Najbliżej Kenii - Jedna Minuta Sprint - Statystyki

Ogólne statystyki
  • Ten quiz został rozwiązany 194 razy
  • Średni wynik to 10 z 20
Statystyki odpowiedzi
km kraj % Poprawnych
0 Etiopia
89%
0 Somalia
84%
518 Sudan
79%
0 Tanzania
75%
0 Sudan Poludniowy
69%
923 Erytrea
68%
0 Uganda
67%
365 Rwanda
61%
348 Demokratyczna Republika Konga
55%
752 Dzibuti
55%
658 Mozambik
55%
419 Burundi
48%
1437 Czad
47%
795 Malawi
34%
1365 Madagaskar
31%
735 Republika Srodkowoafrykanska
25%
974 Jemen
22%
1365 Arabia Saudyjska
18%
932 Seszele
18%
871 Komory
16%
Nie znaleziono quizów pasujących do podanych kryteriów
Rozkład punktacji
Procent ludzi z każdym wynikiem
Percentyl według liczby udzielonych odpowiedzi
Twoja historia wyników
Nie rozwiązałeś tego quizu